Finite elements : (Record no. 8538)

MARC details
000 -LEADER
fixed length control field 01518cam a22003494a 4500
001 - CONTROL NUMBER
control field 12266010
003 - CONTROL NUMBER IDENTIFIER
control field OSt
005 - DATE AND TIME OF LATEST TRANSACTION
control field 20240617114921.0
008 - FIXED-LENGTH DATA ELEMENTS--GENERAL INFORMATION
fixed length control field 001226s2001 enka b 001 0 eng
010 ## - LIBRARY OF CONGRESS CONTROL NUMBER
LC control number 00069656
020 ## - INTERNATIONAL STANDARD BOOK NUMBER
International Standard Book Number 0521011957 (pbk.)
040 ## - CATALOGING SOURCE
Original cataloging agency DLC
Transcribing agency must
Modifying agency DLC
041 1# - LANGUAGE CODE
Language code of text/sound track or separate title eng
Language code of original ger
042 ## - AUTHENTICATION CODE
Authentication code pcc
050 00 - LIBRARY OF CONGRESS CALL NUMBER
Classification number TA347.F5
Item number B7313 2001
082 00 - DEWEY DECIMAL CLASSIFICATION NUMBER
Classification number 510 BRA 2001
Edition number 21
100 1# - MAIN ENTRY--PERSONAL NAME
Personal name Braess, Dietrich,
Dates associated with a name 1938-
9 (RLIN) 17338
240 10 - UNIFORM TITLE
Uniform title <a href="Finite Elemente.">Finite Elemente.</a>
Language of a work English
245 10 - TITLE STATEMENT
Title Finite elements :
Remainder of title theory, fast solvers, and applications in solid mechanics /
Statement of responsibility, etc. Dietrich Braess ; translated by Larry L. Shumaker.
250 ## - EDITION STATEMENT
Edition statement 2nd ed.
260 ## - PUBLICATION, DISTRIBUTION, ETC. (IMPRINT)
Place of publication, distribution, etc. Cambridge ;
-- New York :
Name of publisher, distributor, etc. Cambridge University Press,
Date of publication, distribution, etc. 2001.
300 ## - PHYSICAL DESCRIPTION
Extent xvii, 352 p. :
Other physical details ill. ;
Dimensions 23 cm.
504 ## - BIBLIOGRAPHY, ETC. NOTE
Bibliography, etc Includes bibliographical references (p. 337-347) and index.
650 #0 - SUBJECT ADDED ENTRY--TOPICAL TERM
Topical term or geographic name as entry element Finite element method.
9 (RLIN) 3005
650 #0 - SUBJECT ADDED ENTRY--TOPICAL TERM
Topical term or geographic name as entry element Elasticity
General subdivision Mathematical models.
9 (RLIN) 17339
856 42 - ELECTRONIC LOCATION AND ACCESS
Materials specified Publisher description
Uniform Resource Identifier <a href="http://www.loc.gov/catdir/description/cam021/00069656.html">http://www.loc.gov/catdir/description/cam021/00069656.html</a>
856 41 - ELECTRONIC LOCATION AND ACCESS
Materials specified Table of contents
Uniform Resource Identifier <a href="http://www.loc.gov/catdir/toc/cam026/00069656.html">http://www.loc.gov/catdir/toc/cam026/00069656.html</a>
856 42 - ELECTRONIC LOCATION AND ACCESS
Materials specified Contributor biographical information
Uniform Resource Identifier <a href="http://www.loc.gov/catdir/enhancements/fy0731/00069656-b.html">http://www.loc.gov/catdir/enhancements/fy0731/00069656-b.html</a>
906 ## - LOCAL DATA ELEMENT F, LDF (RLIN)
a 7
b cbc
c orignew
d 1
e ocip
f 20
g y-gencatlg
942 ## - ADDED ENTRY ELEMENTS (KOHA)
Source of classification or shelving scheme Dewey Decimal Classification
Koha item type Open Shelf
Holdings
Withdrawn status Lost status Source of classification or shelving scheme Damaged status Not for loan Home library Current library Date acquired Source of acquisition Total Checkouts Full call number Barcode Date last seen Price effective from Koha item type Inventory number
    Other/Generic Classification Scheme     MUST Main Library MUST Main Library 17/06/2024 purchase   510 BRA 2001 2024-20640 17/06/2024 17/06/2024 Open Shelf  
    Dewey Decimal Classification     MUST Main Library MUST Main Library 18/06/2024 purchase   510 BRA 2001 2024-20775 18/06/2024 18/06/2024 Open Shelf 04/21047